| 000 | 00587nam a2200217 i 4500 | ||
|---|---|---|---|
| 001 | 35648 | ||
| 003 | ES-MaACL | ||
| 005 | 20230906155157.0 | ||
| 007 | t| | ||
| 008 | 030213s1986 fr ||||1| fre d | ||
| 020 | _a2-213-01816-2 | ||
| 100 | 1 |
_aBoudon, Raymond. _930858 |
|
| 245 | 1 | 3 |
_aL' idéologie ou l'origine des idées reçues / _cRaymond Boudon. |
| 260 |
_a[S.l.] : _bFayard, _c[1986] |
||
| 300 |
_a330 p. ; _c24 cm. |
||
| 490 | 1 | _aIdees-forces | |
| 500 | _aIndice. | ||
| 830 | 0 |
_aIdees-forces _9181589 |
|
| 852 |
_aES-MaACL _jL-11597 _bR.113334 |
||
| 999 |
_c35648 _d35648 |
||